Máte efektívne ľudské zdroje ?
Štúdia HR Benchmarking 2007 poskytuje informácie o výkonnosti a efektivite systému riadenia ľudských zdrojov v sledovaných spoločnostiach v nadväznosti na výkon celej firmy. Štúdia každoročne analyzuje vzorku top 20, ktorú tvoria rýchlo rastúce spoločnosti. Cieľom takýchto analýz je sledovať odlišno...
Guardado en:
| Autor principal: | |
|---|---|
| Formato: | Capítulo de libro |
| Lenguaje: | eslovaco |
| Materias: | |
| Etiquetas: |
Sin Etiquetas, Sea el primero en etiquetar este registro!
|
MARC
| LEADER | 00000naa$a2200000$$$4500 | ||
|---|---|---|---|
| 001 | 0070351 | ||
| 005 | 20230720094025.8 | ||
| 041 | 0 | |a slo | |
| 044 | |a SK | ||
| 245 | 1 | 0 | |a Máte efektívne ľudské zdroje ? |c Renata Môciková |
| 520 | |a Štúdia HR Benchmarking 2007 poskytuje informácie o výkonnosti a efektivite systému riadenia ľudských zdrojov v sledovaných spoločnostiach v nadväznosti na výkon celej firmy. Štúdia každoročne analyzuje vzorku top 20, ktorú tvoria rýchlo rastúce spoločnosti. Cieľom takýchto analýz je sledovať odlišnosti vzorky od ostatných spoločností v úrovni riadenia ľudských zdrojov. | ||
| 610 | 2 | 0 | |a spoločnosti |
| 610 | 2 | 0 | |a personalisti |
| 610 | 2 | 0 | |a stratégia podniková |
| 610 | 2 | 0 | |a nábor pracovníkov |
| 610 | 2 | 0 | |a odmeňovanie |
| 610 | 2 | 0 | |a riadenie ľudských zdrojov |
| 100 | 1 | |a Môciková, Renata | |